000 00731nam a2200229Ia 4500
003 GCL
005 20240530103843.0
008 140319s9999 xx 000 0 ara d
017 _a1979/3249
_bمصر . دار الكتب المصرية
020 _a9772477390
040 _aGCL /
_cGCL
082 0 4 _a943.08
_bم ج
100 _aموسى بدوى
245 1 0 _aجنرالات هتلر /
_cموسى بدوى
260 _aالقاهرة :
_bدار المعارف ،
_c1979
300 _a319 ص :
_bصور ؛
_c24 سم
490 _aكتب اكتوبر
650 0 4 _aالمانيا - تاريخ - العصرالحديث
650 0 4 _aالضباط - المانيا
650 0 4 _aالمانيا - الجيش
942 _2ddc
_cBK
999 _c42987
_d42987